| Tag |
First Indicator |
Second Indicator |
Subfields |
| LEADER |
00000cam a2200000Ia 4500 |
| 001 |
in00001661978 |
| 005 |
20151023125113.0 |
| 008 |
011206s2001 be a b 100 0 eng d |
| 020 |
|
|
|a 9066059443
|
| 035 |
|
|
|a (OCoLC)ocm48547555
|
| 040 |
|
|
|a OSU
|c OSU
|d TXA
|d UtOrBLW
|
| 049 |
|
|
|a TXAM
|
| 090 |
|
|
|a SB357.28
|b .I582 2000
|
| 111 |
2 |
|
|a International Symposium on Mineral Nutrition of Deciduous Fruit Crops
|n (4th :
|d 2000 :
|c Penticton (B.C.)
|
| 245 |
1 |
0 |
|a Proceedings of the Fourth International Symposium on Mineral Nutrition of Deciduous Fruit Crops :
|b Penticton, British Columbia, Canada, 13-18 August 2000 /
|c convener, Gerry Neilsen ; [editors, D. Neilsen [and others]].
|
| 264 |
|
1 |
|a Leuven, Belgium :
|b ISHS, International Society for Horticultural Science,
|c [2001]
|
| 264 |
|
4 |
|c ©2001
|
| 300 |
|
|
|a 464 pages :
|b illustrations ;
|c 24 cm.
|
| 336 |
|
|
|a text
|b txt
|2 rdacontent
|
| 337 |
|
|
|a unmediated
|b n
|2 rdamedia
|
| 338 |
|
|
|a volume
|b nc
|2 rdacarrier
|
| 490 |
1 |
|
|a Acta horticulturae,
|x 0567-7572 ;
|v no. 564
|
| 500 |
|
|
|a "October 2001."
|
| 500 |
|
|
|a "Pacific Agri-Food Research Centre, Summerland, British Columbia, Canada, [and] Washington State University, Tree Fruit Research Centre, Wenatchee, Washington, USA, [and] University of Idaho, Parma Research Centre, Idaho, USA."
|
| 500 |
|
|
|a "ISHS Fruit Section, Working Group on Mineral Nutrition of Deciduous Fruit Crops."
|
| 504 |
|
|
|a Includes bibliographical references and index.
|
| 650 |
|
0 |
|a Fruit
|x Nutrition
|v Congresses.
|
| 650 |
|
0 |
|a Fruit-culture
|v Congresses.
|
| 650 |
|
0 |
|a Orchards
|x Nutrition
|v Congresses.
|
| 650 |
|
0 |
|a Vineyards
|x Nutrition
|v Congresses.
|
| 700 |
1 |
|
|a Neilsen, G. H.
|
| 700 |
1 |
|
|a Neilsen, Denise,
|d 1948-
|
| 710 |
2 |
|
|a International Society for Horticultural Science.
|b Working Group on Mineral Nutrition of Deciduous Fruit Crops.
|
| 830 |
|
0 |
|a Acta horticulturae.
|x 0567-7572 ;
|v no. 564.
|
| 994 |
|
|
|a E0
|b TXA
|
| 948 |
|
|
|a cataloged
|b h
|c 2002/2/20
|d c
|e bwalker
|f 10:23:39 am
|
| 999 |
|
|
|a MARS
|
| 999 |
f |
f |
|s a787de47-6155-36a3-a9d5-6ff8ca06cc31
|i 2eb022c3-6091-3321-901f-d54ad9bc8a31
|t 0
|
| 952 |
f |
f |
|p ric
|a Texas A&M University
|b Rellis Campus
|c Joint Library Facility
|d Remote Storage
|t 0
|e SB357.28 .I582 2000
|h Library of Congress classification
|i unmediated -- volume
|m A14828399894
|
| 998 |
f |
f |
|a SB357.28 .I582 2000
|t 0
|l Remote Storage
|